000 01039nam a22002177a 4500
008 130210t xxu||||| |||| 00| 0 eng d
020 _a9-7881-8038-6930
082 _222 ed.
_a347.05
_bMUL
100 _aMulla, Dinshah Fardunji
_96873
245 _aMulla, the code of civil Procedure/
_cMulla, Dinshah Fardunji
250 _a18 ed.
260 _aIndia :
_bLexisNexis
_c2011
300 _acdlxxix, 3933 P. ;
_c25 cm.
500 _aIncludes Consolidated subject index
650 _aCivil Procedure
_9990
650 _aMulla, the code of civil Procedure
_96874
942 _2ddc
_cBK
999 _c5244
_d5244